| 000 | 00732nam a2200205 i 4500 | ||
|---|---|---|---|
| 001 | 45382 | ||
| 003 | ES-MaACL | ||
| 005 | 20230906161217.0 | ||
| 007 | t| | ||
| 008 | 030325s1980 sp ||||1| spa d | ||
| 020 | _a84-300-1114-5 | ||
| 111 | 2 |
_aColoquios de El Escorial ( _d1980) _9114 |
|
| 245 | 1 | 3 |
_aLa comunicación : _bproblema social : Coloquios de El Escorial 1980 / _cAsociación Cultural Hispano-Norteamericana, Fundesco. |
| 260 |
_aMadrid : _bAsociación Cultural Hispano Norteamericana, _c1980. |
||
| 300 |
_a169 p. ; _c23 cm. |
||
| 650 | 4 |
_aComunicación- _xAspectos sociales. _911189 |
|
| 710 | 2 |
_aAsociación Cultural Hispano-Norteamericana (Madrid) _91539 |
|
| 710 | 2 |
_aFUNDESCO. _94438 |
|
| 852 |
_aES-MaACL _jL-1358 |
||
| 999 |
_c45382 _d45382 |
||